[Event "SR 4. liga A21 2010/2011"]
[Site "?"]
[Date "2011.01.09"]
[Round "6.2"]
[White "Kubis, Ivan"]
[Black "Jozefek, Michal"]
[Result "1/2-1/2"]
[WhiteElo "1980"]
[BlackElo "1899"]
[PlyCount "70"]
[EventDate "2010.??.??"]

1. e4 c5 2. Nf3 a6 3. c4 e6 4. Nc3 Nc6 5. d4 cxd4 6. Nxd4 Bb4 7. Be2 Nf6 8. Bg5
h6 9. Nxc6 bxc6 10. Bh4 e5 11. O-O O-O 12. Qd3 d6 13. Rad1 Be6 14. Qe3 Bc5 15.
Qd2 Bd4 16. Qd3 Rb8 17. b3 Qe7 18. Bf3 Rfd8 19. Ne2 Bc5 20. Nc3 g5 21. Bg3 g4
22. Be2 Nh5 23. h3 Qg5 24. h4 Qg6 25. Kh1 f5 26. exf5 Bxf5 27. Qd2 Nxg3+ 28.
fxg3 Rf8 29. Na4 Bd4 30. c5 d5 31. Bxa6 Be4 32. Nc3 Bc2 33. Rc1 Rxf1+ 34. Rxf1
Bxc5 35. Rc1 Bf5 1/2-1/2

[Event "SR 4. liga A21 2010/2011"]
[Site "?"]
[Date "2011.01.09"]
[Round "6.2"]
[White "Nemeckay, Rastislav"]
[Black "Danihel, Jozef"]
[Result "0-1"]
[WhiteElo "1770"]
[BlackElo "1552"]
[PlyCount "100"]
[EventDate "2010.??.??"]

1. e4 d5 2. exd5 Nf6 3. d4 Nxd5 4. c4 Nf6 5. Nc3 c5 6. d5 e6 7. Bg5 Be7 8. dxe6
Qxd1+ 9. Rxd1 Bxe6 10. Nf3 Nc6 11. Be2 O-O 12. O-O Rad8 13. Rxd8 Rxd8 14. Rd1
Rxd1+ 15. Nxd1 h6 16. Bf4 Nd7 17. Ne3 Bf6 18. b3 Nd4 19. Nxd4 Bxd4 20. Bf3 b6
21. Nd5 Be5 22. Bd2 Bxd5 23. Bxd5 Nf6 24. Bc6 Kf8 25. h3 Ke7 26. Kf1 Nd7 27.
Ke2 Nf8 28. f4 Bc7 29. f5 f6 30. Kf3 Be5 31. Ke4 Kd6 32. Be8 Ke7 33. Bb5 Kd6
34. b4 Nd7 35. Bxd7 Kxd7 36. Kd5 Bd6 37. a3 a6 38. g4 Bf8 39. h4 Be7 40. bxc5
Bxc5 41. a4 Bf2 42. g5 h5 43. gxf6 gxf6 44. Bc3 Bxh4 45. Bd4 Kc7 46. Ke6 Bg5
47. Bxf6 Bxf6 48. Kxf6 h4 49. Ke5 h3 50. f6 Kd7 0-1

[Event "SR 4. liga A21 2010/2011"]
[Site "?"]
[Date "2011.01.09"]
[Round "6.2"]
[White "Planka, Peter"]
[Black "Nemeckayova, Monika"]
[Result "1/2-1/2"]
[WhiteElo "1798"]
[BlackElo "1808"]
[PlyCount "127"]
[EventDate "2010.??.??"]

1. e4 c5 2. Nf3 a6 3. d4 cxd4 4. Nxd4 Nf6 5. Nc3 e5 6. Nf3 Bb4 7. Qd3 d6 8. Bd2
Nc6 9. Be2 Be6 10. O-O O-O 11. a3 Ba5 12. Na4 Bxd2 13. Nxd2 Qa5 14. Nc3 Rfd8
15. Nc4 Bxc4 16. Qxc4 d5 17. Nxd5 Nxd5 18. exd5 Rxd5 19. b4 Qd8 20. Bf3 Rd4 21.
Qe2 Rd2 22. Rfd1 Rxe2 23. Rxd8+ Rxd8 24. Bxe2 Rd2 25. Bd3 Nd4 26. Re1 f6 27. f4
Nc6 28. fxe5 Nxe5 29. Be4 b6 30. Rc1 a5 31. c4 axb4 32. axb4 Nd3 33. Bxd3 Rxd3
34. c5 bxc5 35. bxc5 Rd7 36. c6 Rc7 37. Kf2 Kf7 38. Ke3 Ke6 39. Kd4 Kd6 40. Ke4
Rxc6 41. Rd1+ Ke7 42. Ra1 Rc2 43. Kf3 Kf7 44. h4 Rc4 45. g3 h5 46. Ra5 Kg6 47.
Rb5 Rc3+ 48. Kg2 Re3 49. Rc5 Re5 50. Rc4 Rf5 51. Rc8 Kh7 52. Rc7 Kh6 53. Rc6 g5
54. hxg5+ Kxg5 55. Rc8 Kg4 56. Rg8+ Rg5 57. Rc8 Kf5 58. Kf3 Rg4 59. Rc5+ Kg6
60. Rc8 Kg7 61. Rc5 Kg6 62. Rc8 f5 63. Rg8+ Kf7 64. Rh8 1/2-1/2

[Event "SR 4. liga A21 2010/2011"]
[Site "?"]
[Date "2011.01.09"]
[Round "6.3"]
[White "Adamec, Jozef"]
[Black "Sadlon, Juraj"]
[Result "0-1"]
[WhiteElo "1444"]
[BlackElo "1873"]
[PlyCount "80"]
[EventDate "2010.??.??"]

1. e4 d5 2. e5 e6 3. d4 c5 4. c3 Qb6 5. Nf3 Nc6 6. Be2 Bd7 7. O-O Rc8 8. b3
Nge7 9. Na3 Nf5 10. Nc2 Be7 11. Bf4 cxd4 12. cxd4 O-O 13. g4 Nh4 14. Nxh4 Bxh4
15. g5 f6 16. gxf6 gxf6 17. Bg3 Bxg3 18. fxg3 fxe5 19. Kh1 Nxd4 20. Nxd4 Qxd4
21. Bd3 Rxf1+ 22. Qxf1 Rf8 23. Bxh7+ Kxh7 24. Qxf8 Qxa1+ 25. Kg2 Qxa2+ 26. Kh3
Qc2 27. Qf7+ Kh6 28. Qxd7 Qf5+ 29. Kg2 e4 30. Qc8 e3 31. Qh8+ Kg6 32. Qg8+ Kf6
33. Qd8+ Ke5 34. Qh8+ Ke4 35. Qh4+ Kd3 36. Qf4 Qxf4 37. gxf4 e2 38. h4 e1=Q 39.
Kh3 Qg1 40. h5 Ke3 0-1

[Event "SR 4. liga A21 2010/2011"]
[Site "?"]
[Date "2011.01.09"]
[Round "6.3"]
[White "Bozik, Branislav"]
[Black "Dedacek, Miroslav"]
[Result "0-1"]
[WhiteElo "1445"]
[BlackElo "1595"]
[PlyCount "58"]
[EventDate "2010.??.??"]

1. e4 e5 2. Nf3 Nc6 3. Bc4 Be7 4. d3 d6 5. Nc3 Nf6 6. Bg5 Bg4 7. h3 Bxf3 8.
Qxf3 Nd4 9. Qd1 Nd7 10. Be3 Nc6 11. O-O Na5 12. Bb3 Nxb3 13. axb3 a6 14. Nd5
O-O 15. Nxe7+ Qxe7 16. Qg4 Nf6 17. Bg5 Qe6 18. Qg3 Nh5 19. Qf3 Qg6 20. Be3 c6
21. c3 f5 22. exf5 Rxf5 23. Qe4 d5 24. Qb4 Rf7 25. Qc5 Qxd3 26. Rfd1 Qg6 27.
Ra4 e4 28. c4 Nf4 29. cxd5 Qxg2# 0-1

[Event "SR 4. liga A21 2010/2011"]
[Site "?"]
[Date "2011.01.09"]
[Round "6.3"]
[White "Forner, Marian"]
[Black "Sadlon, Matus"]
[Result "1/2-1/2"]
[WhiteElo "1428"]
[BlackElo "1419"]
[PlyCount "77"]
[EventDate "2010.??.??"]

1. e4 e6 2. a3 d5 3. exd5 exd5 4. d4 Nf6 5. h3 c5 6. c3 Nc6 7. Bb5 Qb6 8. Bxc6+
bxc6 9. Ne2 Ba6 10. b4 cxb4 11. axb4 Bd6 12. O-O O-O 13. Be3 Rfe8 14. Re1 Ne4
15. Qc2 Qb5 16. Nd2 Qd3 17. Qxd3 Bxd3 18. Nxe4 Bxe4 19. Nc1 Bc7 20. Ne2 a5 21.
bxa5 Rxa5 22. Rxa5 Bxa5 23. Rc1 Rb8 24. Ra1 Bc7 25. g3 h6 26. Bf4 Bxf4 27. Nxf4
Rb3 28. Rc1 Kh7 29. h4 g6 30. Ng2 g5 31. hxg5 hxg5 32. Ne3 f5 33. Nf1 Rb1 34.
Rxb1 Bxb1 35. f3 Kg6 36. Kf2 Bd3 37. Ne3 Kf6 38. f4 g4 39. Nd1 1/2-1/2

[Event "SR 4. liga A21 2010/2011"]
[Site "?"]
[Date "2011.01.09"]
[Round "6.3"]
[White "Kicinja, Jan"]
[Black "Hanzluvka, Peter"]
[Result "0-1"]
[WhiteElo "1808"]
[BlackElo "1961"]
[PlyCount "88"]
[EventDate "2010.??.??"]

1. d4 b6 2. c4 Bb7 3. Nc3 e6 4. a3 Nf6 5. Bg5 h6 6. Bh4 Be7 7. e3 d5 8. Nf3
Nbd7 9. cxd5 exd5 10. Qc2 O-O 11. Bd3 c5 12. Bf5 Re8 13. O-O Ne4 14. Bxd7 Qxd7
15. Ne5 Qe6 16. Bxe7 Rxe7 17. Nd3 cxd4 18. exd4 Qf6 19. Ne5 Rc8 20. Qd3 Rec7
21. Rac1 b5 22. Rc2 a5 23. Rfc1 b4 24. Nxe4 dxe4 25. Qd2 Rxc2 26. Rxc2 bxa3 27.
Rxc8+ Bxc8 28. bxa3 Qb6 29. Qc2 Bb7 30. Qc4 Bd5 31. Qc8+ Kh7 32. h3 Qxd4 33.
Qf5+ g6 34. Qf4 f5 35. g4 Qd1+ 36. Kh2 e3 37. Nxg6 Qh1+ 38. Kg3 Qg2+ 39. Kh4
Qxf2+ 40. Kh5 Qxf4 41. Nxf4 Bc4 42. gxf5 e2 43. f6 e1=Q 44. f7 Bxf7+ 0-1

[Event "SR 4. liga A21 2010/2011"]
[Site "?"]
[Date "2011.01.09"]
[Round "6.3"]
[White "Skapik, Branislav"]
[Black "Kurinec, Jozef"]
[Result "0-1"]
[WhiteElo "1887"]
[BlackElo "1837"]
[PlyCount "60"]
[EventDate "2010.??.??"]

1. c4 Nf6 2. Nc3 e6 3. e4 Bb4 4. e5 Bxc3 5. bxc3 Ng8 6. Qg4 g6 7. d4 d6 8. f4
Ne7 9. Nf3 Nbc6 10. Bd3 Nf5 11. Bxf5 exf5 12. Qg5 Qxg5 13. Nxg5 h6 14. Nf3 O-O
15. Ba3 Rd8 16. Kf2 b6 17. Rhe1 Na5 18. Nd2 Ba6 19. e6 Bxc4 20. e7 Re8 21. Bb4
Be6 22. Bxa5 bxa5 23. Rab1 Rab8 24. Rxb8 Rxb8 25. Nc4 Bd7 26. Nxa5 f6 27. c4
Kf7 28. c5 Rb2+ 29. Kf3 Rxa2 30. c6 Be8 0-1

[Event "SR 4. liga A21 2010/2011"]
[Site "?"]
[Date "2011.01.09"]
[Round "6.4"]
[White "Dubecky, Ladislav"]
[Black "Gubis, Vladimir"]
[Result "0-1"]
[WhiteElo "1551"]
[BlackElo "1795"]
[PlyCount "78"]
[EventDate "2010.??.??"]

1. e4 c5 2. f4 e6 3. Nf3 d5 4. e5 Nc6 5. Bb5 Bd7 6. O-O Nxe5 7. Bxd7+ Nxd7 8.
d3 Ngf6 9. b3 Bd6 10. Ng5 h6 11. Nh3 Qc7 12. Nc3 a6 13. Bb2 O-O-O 14. Ne2 e5
15. f5 Rhg8 16. Ng3 e4 17. d4 Bxg3 18. hxg3 Qxg3 19. dxc5 Ng4 20. Rf2 Nxf2 21.
Nxf2 Ne5 22. Kf1 e3 23. Nh3 Ng4 24. Bd4 Rge8 25. Qe2 f6 26. a4 Re4 27. c3 Qh2
28. Ke1 Nf2 29. Ra2 Nxh3 30. gxh3 Qxh3 31. b4 Qh1+ 32. Qf1 Qh4+ 33. Kd1 Rxd4+
34. cxd4 Qxd4+ 35. Kc1 Qc3+ 36. Kd1 Qb3+ 37. Rc2 Qxa4 38. Qg1 Re8 39. Qxg7 e2+
0-1

[Event "SR 4. liga A21 2010/2011"]
[Site "?"]
[Date "2011.01.09"]
[Round "6.4"]
[White "Kovarik, Oto"]
[Black "Orvisky, Vladimir"]
[Result "0-1"]
[WhiteElo "2025"]
[BlackElo "1845"]
[PlyCount "48"]
[EventDate "2010.??.??"]

1. e4 Nf6 2. e5 Nd5 3. d4 d6 4. c4 Nb6 5. f4 dxe5 6. fxe5 Nc6 7. Be3 Bf5 8. Nf3
e6 9. a3 Be7 10. Nbd2 a5 11. b3 O-O 12. Be2 f6 13. O-O fxe5 14. dxe5 Nd7 15.
Bf4 Ndxe5 16. Nxe5 Qd4+ 17. Kh1 Nxe5 18. Re1 Rad8 19. Ra2 Qxf4 20. Rf1 Qh6 21.
Qe1 Bd6 22. Nf3 Be4 23. g3 Rf5 24. Bd1 Bc6 {
zvysok partie sa neda zrekonstruovat.} 0-1

[Event "SR 4. liga A21 2010/2011"]
[Site "?"]
[Date "2011.01.09"]
[Round "6.4"]
[White "Pisecky, Jan"]
[Black "Oravec, Pavol"]
[Result "0-1"]
[WhiteElo "1529"]
[BlackElo "1373"]
[PlyCount "174"]
[EventDate "2010.??.??"]

1. e4 e6 2. Nf3 d5 3. exd5 exd5 4. d4 Nf6 5. h3 Bd6 6. Be3 O-O 7. Bd3 c6 8. c3
Qb6 9. b3 Re8 10. O-O Nbd7 11. c4 Qa5 12. c5 Bb8 13. Bf5 Ne4 14. Ng5 Ndf6 15.
Bxe4 Nxe4 16. Qh5 Nxg5 17. Qxg5 Qc7 18. g3 Bxh3 19. Re1 Qd7 20. Nd2 Bc7 21. Qh5
Qg4 22. Qxg4 Bxg4 23. Nf1 Ba5 24. Bd2 Bxd2 25. Nxd2 Re6 26. f3 Bf5 27. g4 Rxe1+
28. Rxe1 Bd3 29. Re7 Ba6 30. b4 Kf8 31. Rc7 Re8 32. Nb3 Re2 33. Na5 Rxa2 34.
Nxb7 Bxb7 35. Rxb7 Rd2 36. Rc7 Rxd4 37. Rxc6 Rxb4 38. Rd6 d4 39. c6 Rc4 40.
Rd8+ Ke7 41. Rd7+ Ke6 42. Rxa7 Rxc6 43. Ra5 d3 44. Kf2 d2 45. Ke2 Rd6 46. Kd1
g6 47. f4 f5 48. g5 Rd4 49. Ra7 Rxf4 50. Kxd2 Rh4 51. Ra6+ Kd5 52. Ra5+ Kc6 53.
Ke3 Kb6 54. Rd5 Kc6 55. Ra5 Rg4 56. Ra7 Rxg5 57. Rxh7 Rg4 58. Re7 Kd5 59. Kf3
Re4 60. Rg7 Rg4 61. Re7 Kd6 62. Re8 Kd7 63. Re2 Kd6 64. Re8 Kd5 65. Re7 Re4 66.
Rg7 Re6 67. Kf4 Re4+ 68. Kf3 Re6 69. Kf4 Kd4 70. Rd7+ Kc5 71. Kg5 Rd6 72. Re7
Kd5 73. Kf4 Re6 74. Rd7+ Kc6 75. Rd8 Rd6 76. Re8 Kd5 77. Kg5 Re6 78. Ra8 Ke4
79. Ra4+ Kf3 80. Ra3+ Re3 81. Ra4 Kg3 82. Rb4 f4 83. Rb1 f3 84. Rg1+ Kf2 85.
Rh1 Kg2 86. Kf4 Kxh1 87. Kxe3 Kg2 0-1

[Event "SR 4. liga A21 2010/2011"]
[Site "?"]
[Date "2011.01.09"]
[Round "6.4"]
[White "Sedlak, Rastislav"]
[Black "Damborsky, Pavol"]
[Result "1-0"]
[WhiteElo "1560"]
[BlackElo "1649"]
[PlyCount "87"]
[EventDate "2010.??.??"]

1. e4 e5 2. Nf3 d6 3. Bc4 Nc6 4. O-O h6 5. h3 Nf6 6. Nc3 Be7 7. d4 exd4 8. Nxd4
Nxd4 9. Qxd4 O-O 10. Bf4 a6 11. Rad1 b5 12. Bd5 Nxd5 13. Nxd5 Be6 14. a3 Bxd5
15. Qxd5 Kh8 16. Rfe1 f6 17. c4 bxc4 18. Qxc4 Qc8 19. b4 Rb8 20. Rc1 c5 21.
bxc5 dxc5 22. Bxb8 Qxb8 23. Qxa6 Qe5 24. a4 Bd6 25. g3 Qe7 26. Qc6 Rb8 27. Rb1
Rxb1 28. Rxb1 Qe5 29. Qc8+ Kh7 30. Qf5+ Qxf5 31. exf5 Be5 32. a5 c4 33. Rc1 c3
34. a6 Bd4 35. Rxc3 h5 36. Rc7 Kh6 37. a7 Bxa7 38. Rxa7 h4 39. gxh4 Kh5 40.
Rxg7 Kxh4 41. Kg2 Kh5 42. Rg6 Kh4 43. Kf3 Kh5 44. Kf4 1-0

[Event "SR 4. liga A21 2010/2011"]
[Site "?"]
[Date "2011.01.09"]
[Round "6.4"]
[White "Siska, Michal"]
[Black "Cerovsky, Marian"]
[Result "0-1"]
[WhiteElo "1636"]
[BlackElo "1783"]
[PlyCount "88"]
[EventDate "2010.??.??"]

1. c4 c6 2. Nc3 Nf6 3. Nf3 d5 4. e3 Qc7 5. h3 h6 6. d4 e6 7. a3 Nbd7 8. b4 a6
9. Bb2 dxc4 10. Bxc4 Nb6 11. Bb3 Nbd5 12. Nxd5 exd5 13. Bc2 Be7 14. Ne5 a5 15.
Bc3 axb4 16. Bxb4 Bxb4+ 17. axb4 Rxa1 18. Qxa1 Qb6 19. Qa3 O-O 20. O-O Be6 21.
Bd3 Rc8 22. Rc1 Ne4 23. Bxe4 dxe4 24. Rc5 Qd8 25. Ra5 Kh7 26. Qa1 f6 27. Ng4 b5
28. Qb1 Bd5 29. Qa1 h5 30. Nh2 f5 31. Qd1 Qg5 32. g3 Re8 33. h4 Qg6 34. Qc1 Bc4
35. Qa1 f4 36. Qe1 fxg3 37. fxg3 Qe6 38. Ra1 Qh3 39. Rc1 Rf8 40. Rb1 Rf6 41.
Ra1 Rg6 42. g4 hxg4 43. Nf1 g3 44. Rc1 Bxf1 0-1

[Event "SR 4. liga A21 2010/2011"]
[Site "?"]
[Date "2011.01.09"]
[Round "6.5"]
[White "Kavon, Rastislav"]
[Black "Vagovic, Milan"]
[Result "1-0"]
[WhiteElo "1699"]
[BlackElo "1667"]
[PlyCount "51"]
[EventDate "2010.??.??"]

1. e4 e5 2. Nf3 Nc6 3. Bc4 Nf6 4. Ng5 d5 5. exd5 Nxd5 6. Nxf7 Qf6 7. Bxd5 Bc5
8. O-O Rf8 9. Nc3 Be6 10. Ne4 Qe7 11. Bxe6 Qxe6 12. Nfg5 Qe7 13. Nxc5 Qxg5 14.
Ne6 Qf6 15. Nxf8 Qxf8 16. Qg4 g6 17. Qe6+ Ne7 18. d3 Qf5 19. Qxf5 gxf5 20. Bg5
Kf7 21. Bxe7 Kxe7 22. Rae1 Kf6 23. f4 Re8 24. fxe5+ Rxe5 25. Rxe5 Kxe5 26. Kf2
1-0

[Event "SR 4. liga A21 2010/2011"]
[Site "?"]
[Date "2011.01.09"]
[Round "6.5"]
[White "Kupkovic, Miroslav"]
[Black "Jablonicky, Martin"]
[Result "0-1"]
[WhiteElo "1818"]
[BlackElo "1884"]
[PlyCount "76"]
[EventDate "2010.??.??"]

1. d4 d5 2. c4 c6 3. Nf3 Nf6 4. Nc3 Bf5 5. cxd5 cxd5 6. Qb3 b6 7. Bg5 e6 8. Rc1
Bd6 9. Nb5 O-O 10. Nxd6 Qxd6 11. e3 Nbd7 12. Ba6 Rad8 13. Bf4 Qe7 14. Rc7 Ra8
15. Ne5 Rfd8 16. Nc6 Qe8 17. Nxd8 Qxd8 18. O-O g5 19. Bg3 Ne4 20. Rfc1 Kg7 21.
Rc8 Rxc8 22. Rxc8 Qf6 23. f3 Nxg3 24. hxg3 h5 25. Bd3 g4 26. f4 h4 27. Bxf5
Qxf5 28. Qc2 Qh5 29. Qf2 Nf6 30. gxh4 Ne4 31. Qe1 g3 32. Kf1 Qxh4 33. Ke2 Qh5+
34. Kd3 Qf5 35. Ke2 Nf2 36. Kd2 Qd3+ 37. Kc1 Qa6 38. Qc3 Qf1+ 0-1

[Event "SR 4. liga A21 2010/2011"]
[Site "?"]
[Date "2011.01.09"]
[Round "6.5"]
[White "Lezovic, Martin"]
[Black "Piestansky, Jan"]
[Result "1/2-1/2"]
[WhiteElo "1516"]
[BlackElo "1587"]
[PlyCount "75"]
[EventDate "2010.??.??"]

1. d4 d5 2. c4 c6 3. Nc3 Bf5 4. e3 e6 5. Nf3 Nf6 6. Bd2 Bd6 7. a3 Nbd7 8. b4
Ne4 9. c5 Bc7 10. Bd3 Nxf2 11. Kxf2 Bxd3 12. Be1 Bg6 13. Rf1 O-O 14. Kg1 h6 15.
Ne2 a6 16. Bg3 Nf6 17. Bxc7 Qxc7 18. Ne5 Ne4 19. Nxg6 fxg6 20. Nf4 Rf6 21. Qg4
Qf7 22. Nd3 Kh7 23. Ne5 Qe8 24. Rad1 Rc8 25. Rf3 Rxf3 26. Nxf3 Nf6 27. Qg3 g5
28. Rf1 Qe7 29. Qf2 Rf8 30. Ne5 g6 31. a4 Nd7 32. Qg3 Rxf1+ 33. Kxf1 Kg7 34.
Ke2 Nxe5 35. Qxe5+ Qf6 36. Qc7+ Qf7 37. Qe5+ Qf6 38. Qb8 1/2-1/2

[Event "SR 4. liga A21 2010/2011"]
[Site "?"]
[Date "2011.01.09"]
[Round "6.5"]
[White "Mackovic, Matus"]
[Black "Slaby, Jozef"]
[Result "1/2-1/2"]
[WhiteElo "1846"]
[BlackElo "1865"]
[PlyCount "48"]
[EventDate "2010.??.??"]

1. e4 e6 2. d4 d5 3. Nd2 Nf6 4. e5 Nfd7 5. f4 c5 6. Ndf3 Nc6 7. c3 cxd4 8. Nxd4
Nxd4 9. cxd4 Nb6 10. Nf3 Bd7 11. Bd3 Rc8 12. O-O g6 13. b3 Bc6 14. Bd2 h5 15.
Rc1 Ba3 16. Rc2 Qe7 17. Bc1 Bxc1 18. Qxc1 Qd7 19. Qd2 Bb5 20. Rfc1 Rxc2 21.
Rxc2 Bxd3 22. Qxd3 O-O 23. Ne1 Kg7 24. h3 Rc8 1/2-1/2

[Event "SR 4. liga A21 2010/2011"]
[Site "?"]
[Date "2011.01.09"]
[Round "6.5"]
[White "Pripko, Bystrik"]
[Black "Jablonicky, Boris"]
[Result "1-0"]
[WhiteElo "1607"]
[BlackElo "1745"]
[PlyCount "89"]
[EventDate "2010.??.??"]

1. e4 e5 2. Nf3 Nc6 3. Bc4 Be7 4. Nc3 d6 5. h3 Nf6 6. d3 O-O 7. O-O Na5 8. Bb3
Nxb3 9. axb3 c5 10. Nh2 b6 11. f4 Ne8 12. f5 Nc7 13. Ng4 a5 14. Bd2 Bd7 15. Ne2
Bg5 16. c4 h5 17. Nh2 g6 18. fxg6 fxg6 19. Rxf8+ Kxf8 20. Nf3 Bxd2 21. Qxd2 Kg7
22. Rf1 Ne6 23. Qe1 a4 24. bxa4 Rxa4 25. Qg3 Ra2 26. Nh4 Qg5 27. Qf2 Nf4 28.
Nxf4 exf4 29. Nf3 Qg3 30. Kh1 Bc6 31. Qc2 Bd7 32. Qc3+ Kf7 33. h4 Ke7 34. e5
Ra7 35. exd6+ Kxd6 36. Qe5+ Kc6 37. Re1 Qf2 38. Qe4+ Kc7 39. Qxf4+ Kb7 40. Qe4+
Kc7 41. Qe7 Ra8 42. Qe5+ Kb7 43. Qd5+ Bc6 44. Re7+ Ka6 45. Qxc6 1-0

[Event "SR 4. liga A21 2010/2011"]
[Site "?"]
[Date "2011.01.09"]
[Round "6.6"]
[White "Beran, Jan st"]
[Black "Davidik, Miroslav"]
[Result "1-0"]
[WhiteElo "1720"]
[BlackElo "1479"]
[PlyCount "71"]
[EventDate "2010.??.??"]

1. d4 Nf6 2. c4 c5 3. dxc5 Qa5+ 4. Nc3 Qxc5 5. e3 g6 6. Nf3 Bg7 7. Be2 d6 8.
O-O O-O 9. a3 a6 10. h3 Qc7 11. Bd2 e6 12. Qb3 Bd7 13. Rac1 Bc6 14. Nd4 Qd7 15.
Nxc6 Nxc6 16. Bf3 Rab8 17. Rfd1 Rfd8 18. Be1 Ne5 19. Be2 Nc6 20. Qc2 Qc7 21. b4
Na7 22. Qb3 Qe7 23. Rc2 Ne8 24. Na4 Nf6 25. Bf3 Qc7 26. c5 d5 27. Nc3 Qc6 28.
Rcd2 Qe8 29. Kf1 Kf8 30. Be2 Ne4 31. Nxe4 dxe4 32. f3 Rxd2 33. Rxd2 exf3 34.
Bxf3 Qe7 35. Bg3 Re8 36. Bd6 1-0

[Event "SR 4. liga A21 2010/2011"]
[Site "?"]
[Date "2011.01.09"]
[Round "6.6"]
[White "Lanik, Miroslav"]
[Black "Vepy, Ivan"]
[Result "1/2-1/2"]
[WhiteElo "1871"]
[BlackElo "1935"]
[PlyCount "97"]
[EventDate "2010.??.??"]

1. e4 e5 2. Nf3 Nc6 3. Bb5 a6 4. Ba4 Nf6 5. O-O b5 6. Bb3 d6 7. Ng5 d5 8. exd5
Nd4 9. d6 Nxb3 10. dxc7 Qxc7 11. axb3 Bd6 12. d3 O-O 13. Nc3 e4 14. g3 Bg4 15.
Qd2 exd3 16. Qxd3 Qc6 17. Nge4 Be5 18. Nxf6+ Bxf6 19. Qe4 Qd7 20. Be3 Bf5 21.
Qd5 Qc8 22. Rfd1 Bxc2 23. Rdc1 Qf5 24. Qxf5 Bxf5 25. Bc5 Rfd8 26. b4 Rd2 27.
Re1 Rdd8 28. Rad1 h6 29. Nd5 Bxb2 30. Ne7+ Kh7 31. Nxf5 Rdc8 32. Rd7 a5 33. Nd6
Rc6 34. Nxb5 a4 35. Bd4 a3 36. Nxa3 Bxd4 37. Rxd4 Rxa3 38. Rb1 Rb6 39. Rd7 Kg6
40. Kf1 Ra2 41. Re7 Rf6 42. Re2 Ra4 43. b5 Rb6 44. Rc2 Kf6 45. Rc6+ Rxc6 46.
bxc6 Ke6 47. Rb7 Ra8 48. Ke2 Rc8 49. Rb6 1/2-1/2

[Event "SR 4. liga A21 2010/2011"]
[Site "?"]
[Date "2011.01.09"]
[Round "6.6"]
[White "Pagac, Robert"]
[Black "Beran, Jan ml"]
[Result "1-0"]
[WhiteElo "1818"]
[BlackElo "1896"]
[PlyCount "113"]
[EventDate "2010.??.??"]

1. e4 c5 2. Nf3 Nc6 3. d4 cxd4 4. Nxd4 e5 5. Nf5 d5 6. Ng3 Nf6 7. Bd3 dxe4 8.
Nxe4 Nxe4 9. Bxe4 Qxd1+ 10. Kxd1 Nd4 11. c3 Ne6 12. Re1 Bc5 13. Be3 O-O 14. Nd2
Rd8 15. Kc2 g6 16. Nc4 f5 17. Bd3 e4 18. Bf1 b6 19. Rad1 Bb7 20. Bxc5 Nxc5 21.
b4 Nd3 22. Bxd3 exd3+ 23. Rxd3 Be4 24. Rxe4 fxe4 25. Re3 Rf8 26. Re2 Rae8 27.
Nd6 e3 28. fxe3 Re6 29. Nb5 a5 30. a3 axb4 31. axb4 Rfe8 32. Kd3 Rd8+ 33. Nd4
b5 34. Kc2 Rb6 35. e4 Kf7 36. e5 Ke7 37. Kd3 Rc8 38. Re3 Rf8 39. h4 Rf1 40. g3
Rf8 41. Ke4 Rd8 42. Rd3 Rd7 43. e6 Rc7 44. Ke5 Ke8 45. Rf3 Re7 46. Kd5 Rc7 47.
g4 Rb8 48. Kd6 Rc4 49. h5 gxh5 50. gxh5 Rb6+ 51. Ke5 Rc7 52. h6 Rb8 53. Nf5
Rbb7 54. Nd6+ Kd8 55. Rf8+ Ke7 56. Rf7+ Kd8 57. Nxb7+ 1-0

[Event "SR 4. liga A21 2010/2011"]
[Site "?"]
[Date "2011.01.09"]
[Round "6.6"]
[White "Tokos, Rastislav"]
[Black "Kubik, Peter"]
[Result "1-0"]
[WhiteElo "1933"]
[BlackElo "1630"]
[PlyCount "81"]
[EventDate "2010.??.??"]

1. e4 e5 2. Nf3 Nc6 3. Bb5 Nf6 4. Nc3 Bc5 5. d3 O-O 6. Na4 Bb6 7. Nxb6 axb6 8.
Bg5 d6 9. h3 Be6 10. a3 Qc8 11. Bxc6 bxc6 12. Bxf6 gxf6 13. g4 d5 14. Qe2 d4
15. Nh4 c5 16. Qd2 Kh8 17. f4 Rg8 18. Nf3 exf4 19. Qxf4 Qd8 20. Ke2 c4 21. e5
cxd3+ 22. cxd3 fxe5 23. Qxe5+ Rg7 24. Nxd4 Ra5 25. Nb5 Bd5 26. a4 Bxh1 27. Rxh1
c6 28. b4 f6 29. Qa1 Qe7+ 30. Kf3 Ra8 31. Nd4 Qxb4 32. Nf5 Rxa4 33. Qc1 Rd7 34.
Qe3 Rxd3 35. Qxd3 Qf4+ 36. Ke2 Ra2+ 37. Kd1 Qa4+ 38. Ke1 Ra1+ 39. Ke2 Qa2+ 40.
Kf3 Rxh1 41. Qd8+ 1-0

[Event "SR 4. liga A21 2010/2011"]
[Site "?"]
[Date "2011.01.09"]
[Round "6.6"]
[White "Vogl, Zdenek"]
[Black "Palka, Martin"]
[Result "1-0"]
[WhiteElo "1863"]
[BlackElo "1855"]
[PlyCount "55"]
[EventDate "2010.??.??"]

1. e4 c5 2. Nf3 d6 3. d4 cxd4 4. Nxd4 Nf6 5. Nc3 a6 6. Bc4 e6 7. Bb3 b5 8. Bg5
Nbd7 9. a3 Bb7 10. f3 Qb6 11. Be3 Qc7 12. Bf2 Rc8 13. O-O Ne5 14. Qe2 Nc4 15.
Ndxb5 axb5 16. Nxb5 Qa5 17. Bxc4 d5 18. Bd3 Be7 19. Nd4 O-O 20. b4 Qa8 21. Rfe1
dxe4 22. fxe4 Rfd8 23. Nb3 Nd7 24. Na5 Bf6 25. Rad1 Bc3 26. Rf1 Ne5 27. Nxb7
Qxb7 28. Ba6 1-0

[Event "SR 4. liga A21 2010/2011"]
[Site "?"]
[Date "2011.01.23"]
[Round "7.1"]
[White "Berger, Patrik"]
[Black "Vepy, Ivan"]
[Result "0-1"]
[WhiteElo "1720"]
[BlackElo "1935"]
[PlyCount "88"]
[EventDate "2010.??.??"]

1. e4 c6 2. d4 d5 3. Nc3 dxe4 4. Nxe4 Nf6 5. Nxf6+ gxf6 6. Bf4 Be6 7. Nf3 Nd7
8. Bd3 Qa5+ 9. Qd2 Qxd2+ 10. Bxd2 O-O-O 11. c4 Rg8 12. g3 h5 13. b3 Bg4 14. Nh4
Nc5 15. Bc2 Ne6 16. Nf5 Kb8 17. d5 cxd5 18. cxd5 Bf3 19. Rg1 Rxd5 20. Bb4 Ng5
21. Ne3 Rd7 22. Bf5 e6 23. Bxf8 Rxf8 24. h4 exf5 25. hxg5 fxg5 26. Nxf5 Rfd8
27. Ne3 Re7 28. Kf1 f5 29. Re1 Rc8 30. a4 f4 31. Nc2 Be2+ 32. Kg2 Rxc2 33. gxf4
gxf4 34. Rh1 Rg7+ 35. Kh3 Bg4+ 36. Kh4 Rxf2 37. Reg1 f3 38. Rf1 Rg2 39. Rhg1
Rxg1 40. Rxg1 f2 41. Rf1 Rf7 42. Kg3 Be2 43. Rxf2 Rxf2 44. Kxf2 Bd1 0-1

[Event "SR 4. liga A21 2010/2011"]
[Site "?"]
[Date "2011.01.23"]
[Round "7.1"]
[White "Davidik, Miroslav"]
[Black "Harasta, Marian"]
[Result "0-1"]
[WhiteElo "1479"]
[BlackElo "1663"]
[PlyCount "86"]
[EventDate "2010.??.??"]

1. c4 e5 2. Nc3 f5 3. e4 Nf6 4. a3 Nc6 5. d3 Bc5 6. h3 f4 7. Nf3 d6 8. Be2 Nd4
9. O-O Qe7 10. Na4 Nxf3+ 11. Bxf3 Bd4 12. Rb1 Bd7 13. Nc3 c5 14. Ne2 b5 15.
Nxd4 cxd4 16. b3 O-O 17. Re1 Qf7 18. Re2 Rab8 19. Reb2 Qg6 20. Kf1 Qh6 21. Qe2
g5 22. Ke1 Qh4 23. Qf1 h5 24. Bd2 g4 25. hxg4 hxg4 26. Bd1 Rf7 27. Bb4 Ne8 28.
Bc2 Rh7 29. Kd2 Qg5 30. Kc1 Rh2 31. Bd2 Qh5 32. Be1 Qh6 33. f3 Nf6 34. Bd1 Rh1
35. Qe2 Kf7 36. Rc2 Rh2 37. Qf1 Rh1 38. Qe2 Rg1 39. Bf2 Rxg2 40. Qf1 Qh2 41.
Rbb2 bxc4 42. bxc4 Rxb2 43. Kxb2 g3 0-1

[Event "SR 4. liga A21 2010/2011"]
[Site "?"]
[Date "2011.01.23"]
[Round "7.1"]
[White "Harastova, Viera"]
[Black "Pagac, Robert"]
[Result "1/2-1/2"]
[WhiteElo "1823"]
[BlackElo "1818"]
[PlyCount "26"]
[EventDate "2010.??.??"]

1. d4 d5 2. c4 e6 3. Nc3 Nf6 4. Bg5 Be7 5. e3 c6 6. Nf3 O-O 7. Bd3 h6 8. Bh4
Nh7 9. Bxe7 Qxe7 10. Qc2 Nf6 11. O-O Nbd7 12. cxd5 Nxd5 13. Nxd5 exd5 1/2-1/2

[Event "SR 4. liga A21 2010/2011"]
[Site "?"]
[Date "2011.01.23"]
[Round "7.1"]
[White "Hrubsa, Marian"]
[Black "Brisudova, Veronika"]
[Result "0-1"]
[WhiteElo "1979"]
[BlackElo "1797"]
[PlyCount "58"]
[EventDate "2010.??.??"]

1. e4 c5 2. Nf3 d6 3. d4 cxd4 4. Nxd4 Nf6 5. Nc3 a6 6. Be2 e5 7. Nb3 Be6 8. Be3
Be7 9. O-O O-O 10. f3 Nbd7 11. Qe1 Rc8 12. Rd1 b5 13. Bd3 Nb6 14. a3 Nc4 15.
Bc1 Qc7 16. Kh1 Nxa3 17. Nd5 Bxd5 18. exd5 Nxc2 19. Qg3 Nb4 20. Bf5 Rb8 21. Bh6
g6 22. Rc1 Qb6 23. Bxf8 Bxf8 24. Be4 Nbxd5 25. Rfd1 Nf4 26. Rc6 Nxe4 27. Rxb6
Nxg3+ 28. hxg3 Rxb6 29. gxf4 exf4 0-1